Rúzsa Magditól Ágnes Asszonyig az újvidéki Tanulmányok 2021/1. számáról /

Elmentve itt :
Bibliográfiai részletek
Szerző: Németh Ákos
Dokumentumtípus: Cikk
Megjelent: Szegedi Tudományegyetem, Bölcsészet- és Társadalomtudományi Kar Szeged 2022
Sorozat:Iskolakultúra 32 No. 3
Kulcsszavak:Magyar irodalom - költészet - Szerbia - 21. sz. - folyóirat - könyvismertetés
Tárgyszavak:
Online Access:http://misc.bibl.u-szeged.hu/70867
LEADER 00855nab a2200205 i 4500
001 misc70867
005 20220607145057.0
008 220607s2022 hu o 0|| hun d
022 |a 1215-5233 
040 |a SZTE Miscellanea Repozitórium  |b hun 
041 |a hun 
100 1 |a Németh Ákos 
245 1 0 |a Rúzsa Magditól Ágnes Asszonyig   |h [elektronikus dokumentum] :  |b az újvidéki Tanulmányok 2021/1. számáról /  |c  Németh Ákos 
260 |a Szegedi Tudományegyetem, Bölcsészet- és Társadalomtudományi Kar  |b Szeged  |c 2022 
300 |a 120-123 
490 0 |a Iskolakultúra  |v 32 No. 3 
650 4 |a Bölcsészettudományok 
650 4 |a Nyelvek és irodalom 
695 |a Magyar irodalom - költészet - Szerbia - 21. sz. - folyóirat - könyvismertetés 
856 4 0 |u http://misc.bibl.u-szeged.hu/70867/1/iskolakultura_2022_003_120-123.pdf  |z Dokumentum-elérés